The Life of structures : (Record no. 550610)
[ view plain ]
| 000 -LEADER | |
|---|---|
| fixed length control field | 00687cam a2200205 a 4500 |
| 020 ## - INTERNATIONAL STANDARD BOOK NUMBER | |
| International Standard Book Number | 0408042451 : |
| 082 00 - DEWEY DECIMAL CLASSIFICATION NUMBER | |
| Classification number | 624.171 |
| Author Mark | LIF |
| -- | L-20, P-173 |
| 245 04 - TITLE STATEMENT | |
| Title | The Life of structures : |
| Remainder of title | physical testing / |
| Statement of responsibility, etc. | edited by G.S.T. Armer, J.L. Clarke, F.K. Garas. |
| 260 ## - PUBLICATION, DISTRIBUTION, ETC. | |
| Place of publication, distribution, etc. | London ; |
| -- | Boston : |
| Name of publisher, distributor, etc. | Butterworths, |
| Date of publication, distribution, etc. | 1989. |
| 300 ## - PHYSICAL DESCRIPTION | |
| Extent | 456 p. : |
| Other physical details | ill. ; |
| Dimensions | 24 cm. |
| 526 ## - STUDY PROGRAM INFORMATION NOTE | |
| Program name | 0 |
| Interest level | 0 |
| Reading level | 0 |
| Title point value | 624_171000000000000_LIF |
| 650 #0 - SUBJECT ADDED ENTRY--TOPICAL TERM | |
| Topical term or geographic name entry element | Building materials |
| General subdivision | Service life. |
| 9 (RLIN) | 47322 |
| 650 #0 - SUBJECT ADDED ENTRY--TOPICAL TERM | |
| Topical term or geographic name entry element | Buildings |
| General subdivision | Testing. |
| 9 (RLIN) | 47323 |
| 650 #0 - SUBJECT ADDED ENTRY--TOPICAL TERM | |
| Topical term or geographic name entry element | MCE |
| 9 (RLIN) | 379 |
| 650 #0 - SUBJECT ADDED ENTRY--TOPICAL TERM | |
| Topical term or geographic name entry element | Structural engineering. |
| 700 1# - ADDED ENTRY--PERSONAL NAME | |
| Personal name | Armer, G. S. T. |
| 9 (RLIN) | 45434 |
| 700 1# - ADDED ENTRY--PERSONAL NAME | |
| Personal name | Clarke, J. L. |
| 9 (RLIN) | 47324 |
| 700 1# - ADDED ENTRY--PERSONAL NAME | |
| Personal name | Garas, F. K. |
| 9 (RLIN) | 47325 |
| 942 ## - ADDED ENTRY ELEMENTS (KOHA) | |
| Source of classification or shelving scheme | |
| Koha item type | Book |
| Withdrawn status | Lost status | Source of classification or shelving scheme | Damaged status | Not for loan | Permanent Location | Current Location | Date acquired | Total Checkouts | Full call number | Barcode | Date last seen | Price effective from | Koha item type |
|---|---|---|---|---|---|---|---|---|---|---|---|---|---|
| Military College of Engineering (MCE) | Military College of Engineering (MCE) | 11/17/2014 | 624.171 LIF | MCE-27090 | 11/17/2014 | 11/17/2014 | Book |
